000 00525cam a2200181 4500500
005 20260405003654.0
041 _afre
042 _adc
100 1 0 _aGoron, Gaëtan
_eauthor
245 0 0 _aPhilocroisés #87
260 _c2023.
500 _a10
690 _aGaëtan Goron
690 _aJeu
690 _aMots croisés
786 0 _nPhilosophie magazine | 166 | 1 | 2023-02-01 | p. 76-76 | 1951-1787
856 4 1 _uhttps://shs.cairn.info/magazine-philosophie-magazine-2023-1-page-76?lang=fr&redirect-ssocas=7080
999 _c2069794
_d2069794